<?xml version="1.0" encoding="UTF-8"?>
<record
    xmlns:xsi="http://www.w3.org/2001/XMLSchema-instance"
    xsi:schemaLocation="http://www.loc.gov/MARC21/slim http://www.loc.gov/standards/marcxml/schema/MARC21slim.xsd"
    xmlns="http://www.loc.gov/MARC21/slim">

  <leader>02075nam a2200253 a 4500</leader>
  <controlfield tag="001">BRCA_8712</controlfield>
  <controlfield tag="005">20190320210357.0</controlfield>
  <controlfield tag="008">030217s1778----sp-#######---#000-0#spa-#</controlfield>
  <datafield tag="041" ind1=" " ind2=" ">
    <subfield code="a">spa</subfield>
  </datafield>
  <datafield tag="044" ind1=" " ind2=" ">
    <subfield code="a">sp</subfield>
  </datafield>
  <datafield tag="084" ind1=" " ind2=" ">
    <subfield code="a">BE53</subfield>
    <subfield code="b">.G35 1778</subfield>
  </datafield>
  <datafield tag="100" ind1="1" ind2=" ">
    <subfield code="a">Gallo y Fuentes, Nicolas</subfield>
    <subfield code="d">1690 - 1757</subfield>
    <subfield code="9">21705</subfield>
  </datafield>
  <datafield tag="245" ind1="1" ind2="0">
    <subfield code="a">Platicas predicadas</subfield>
    <subfield code="c">por el P.D. Nicolas Gallo Prebistero de la Congregacion del Salvador del mundo de Madrid; de orden, y &#xE1; presencia del Eminentisimo Se&#xF1;or D. Diego de Astorga, Cardenal de la Santa Romana Iglesia, y Arzobispado de Toledo, &#xE0; los Eclesi&#xE1;sticos de Madrid, y del Arzobispado, en que se les exponen todo sus obligaciones en quanto Sacerdotes, Predicadores, y Confesores, con una instrucci&#xF3;n pr&#xE1;ctica correspondiente &#xE1; cada uno de estos Ministerios.</subfield>
  </datafield>
  <datafield tag="260" ind1=" " ind2=" ">
    <subfield code="a">Madrid</subfield>
    <subfield code="b">En la Oficina de D. Manuel Martin</subfield>
    <subfield code="c">1778</subfield>
  </datafield>
  <datafield tag="300" ind1=" " ind2=" ">
    <subfield code="a">[6], 366 p.</subfield>
    <subfield code="c">21 x 14.5 cm</subfield>
  </datafield>
  <datafield tag="500" ind1=" " ind2=" ">
    <subfield code="a">En portada: Las da a luz D. Francisco Ignacio de Cortines, Fiscal de las Reales Acequias de Xorama y Colmenar, Abogado del Colegio de esta Corte, Individuo de la Real Sociedad Econ&#xF3;mica Matritense de Amigos del Pa&#xED;s, y de la Real Academia de Buenas Letras de Sevilla, &amp;c.</subfield>
  </datafield>
  <datafield tag="500" ind1=" " ind2=" ">
    <subfield code="a">Con marca de fuego: &#x201C;Procedencia de la marca: Convento de San Francisco de Quer&#xE9;taro(1). Instituci&#xF3;n: Orden de Frailes Menores. Provincia de San Pedro y San Pablo de Michoac&#xE1;n. Descripci&#xF3;n: Monograma: Letras iniciales S[an] F[rancisco] D[e] Q[uer&#xE9;tar]o. Observaciones: David Saavedra la asigna a la Academia de Dibujo de San Fernando de Quer&#xE9;taro; Carlos Krausse al Colegio de Propaganda Fide de San Fernando de M&#xE9;xico. Ubicaci&#xF3;n de la marca en el libro: Canto superior, inferior y frontal&#x201D;</subfield>
  </datafield>
  <datafield tag="500" ind1=" " ind2=" ">
    <subfield code="a">Estado f&#xED;sico: presenta encuadernaci&#xF3;n en pergamino y lomo semi desprendido</subfield>
  </datafield>
  <datafield tag="650" ind1="1" ind2="4">
    <subfield code="a">Teolog&#xED;a pastoral</subfield>
    <subfield code="y">S. XVIII</subfield>
    <subfield code="9">21706</subfield>
  </datafield>
  <datafield tag="700" ind1="1" ind2=" ">
    <subfield code="a">Cortines, Francisco Ignacio de</subfield>
    <subfield code="9">21707</subfield>
  </datafield>
  <datafield tag="856" ind1=" " ind2=" ">
    <subfield code="a">http://www.marcasdefuego.buap.mx:8180/xmLibris/projects/firebrand/item.jsp?repository=marcas_de_fuego&amp;key=6faee58a.xml&amp;num=15</subfield>
  </datafield>
  <datafield tag="902" ind1=" " ind2=" ">
    <subfield code="a">CFM</subfield>
  </datafield>
  <datafield tag="942" ind1=" " ind2=" ">
    <subfield code="2">lcc</subfield>
    <subfield code="c">B</subfield>
  </datafield>
  <datafield tag="999" ind1=" " ind2=" ">
    <subfield code="c">8364</subfield>
    <subfield code="d">8364</subfield>
  </datafield>
  <datafield tag="952" ind1=" " ind2=" ">
    <subfield code="0">0</subfield>
    <subfield code="1">0</subfield>
    <subfield code="4">0</subfield>
    <subfield code="7">0</subfield>
    <subfield code="a">BRCA</subfield>
    <subfield code="b">BRCA</subfield>
    <subfield code="d">2017-02-03</subfield>
    <subfield code="l">0</subfield>
    <subfield code="o">BE53 .G35 1778</subfield>
    <subfield code="p">CFM00049</subfield>
    <subfield code="r">2019-03-22 00:00:00</subfield>
    <subfield code="w">2019-03-22</subfield>
    <subfield code="y">B</subfield>
  </datafield>
</record>
